Hodnotenie národných parkov v podmienkach prechodových ekonomík

Vzťah životného prostredia a ekonómie. Teoretické prístupy k meraniu hodnôt životného prostredia. Klasifikácia hodnôt životného prostredia. Prehľad metód merania environmentálnych hodnôt: 1. metódy oceňovania založené na hypotetických údajoch, 2. metódy oceňovania založené na reálnych údajoch, 3. me...

Description complète

Enregistré dans:
Détails bibliographiques
Auteur principal: Kluvánková-Oravská, Tatiana
Format: Chapitre de livre
Langue:slovaque
Sujets:
Tags: Ajouter un tag
Pas de tags, Soyez le premier à ajouter un tag!

MARC

LEADER 00000naa a2200000 4500
001 r034062
005 20230929072250.9
041 0 |a slo 
044 |a SK 
245 1 0 |a Hodnotenie národných parkov v podmienkach prechodových ekonomík  |c Tatiana Kluvánková 
520 |a Vzťah životného prostredia a ekonómie. Teoretické prístupy k meraniu hodnôt životného prostredia. Klasifikácia hodnôt životného prostredia. Prehľad metód merania environmentálnych hodnôt: 1. metódy oceňovania založené na hypotetických údajoch, 2. metódy oceňovania založené na reálnych údajoch, 3. metódy komplexného hodnotenia životného prostredia. 
610 2 0 |a prostredie životné 
610 2 0 |a ekonómia 
610 2 0 |a oceňovanie ekonomické 
610 2 0 |a klasifikácia 
610 2 0 |a pojmy 
100 1 |a Kluvánková-Oravská, Tatiana